The Study Implications of Implementing AI in Manufacturing on Skilled Development and Employment (Record no. 365783)
[ view plain ]
| 000 -LEADER | |
|---|---|
| fixed length control field | 00430nam a22001337a 4500 |
| 005 - DATE AND TIME OF LATEST TRANSACTION | |
| control field | 20250327111458.0 |
| 008 - FIXED-LENGTH DATA ELEMENTS--GENERAL INFORMATION | |
| fixed length control field | 250327b |||||||| |||| 00| 0 eng d |
| 041 ## - LANGUAGE CODE | |
| Language code of text/sound track or separate title | ENG |
| 082 ## - DEWEY DECIMAL CLASSIFICATION NUMBER | |
| Edition number | GAD |
| 100 ## - MAIN ENTRY--PERSONAL NAME | |
| Author | Gadkar Elishma- 2K231198 & Dr. Ganesh Lotke- Guide |
| 245 ## - TITLE STATEMENT | |
| Title | The Study Implications of Implementing AI in Manufacturing on Skilled Development and Employment |
| 260 ## - PUBLICATION, DISTRIBUTION, ETC. | |
| Place of publication, distribution, etc. | Pune |
| Name of publisher, distributor, etc. | SPPU |
| Date of publication, distribution, etc. | December 2024 |
| 942 ## - ADDED ENTRY ELEMENTS (KOHA) | |
| Koha item type | Project Reports |
| Withdrawn status | Lost status | Source of classification or shelving scheme | Damaged status | Not for loan | Home library | Current library | Date acquired | Vendor | Total Checkouts | Full call number | Barcode | Date last seen | Bill Date | Koha item type | Original Barcode |
|---|---|---|---|---|---|---|---|---|---|---|---|---|---|---|---|
| Dewey Decimal Classification | Available | Smt. Hiraben Nanavati Institute of Management & Research for Women | Smt. Hiraben Nanavati Institute of Management & Research for Women | 27/03/2025 | HNIMR | GAD | HIMR-PR-830 | 27/03/2025 | 20/12/2024 | Project Reports | PR0830 |